Кн. 19: Ун - Че; Новая иллюстрированная энциклопедия

Bibliographic Details
Parent link:Новая иллюстрированная энциклопедия: в 20 т./ гл. ред. А. П. Горкин. Кн. 19: Ун - Че.— , 2000-.— 5-85270-218-8
Language:Russian
Published: 2002
Subjects:
Format: Book
KOHA link:https://koha.lib.tpu.ru/cgi-bin/koha/opac-detail.pl?biblionumber=46643

MARC

LEADER 00000nam2a2200000 4500
001 46643
005 20231031024754.0
010 |a 5852702110 
035 |a (RuTPU)RU\TPU\book\48689 
090 |a 46643 
100 |a 20030124d2002 m y0rusy50 ca 
101 0 |a rus 
102 |a RU 
105 |a a f 000zd 
200 0 |a Кн. 19: Ун - Че 
210 |d 2002 
215 |a 256 с.  |c ил. 
461 1 |0 (RuTPU)RU\TPU\book\44053  |y 5-85270-218-8  |t Новая иллюстрированная энциклопедия  |o в 20 т.  |f гл. ред. А. П. Горкин  |v Кн. 19: Ун - Че  |d 2000- 
610 1 |a энциклопедии 
610 1 |a иллюстрированные энциклопедии 
686 |a Я20  |v LBC/SL-A  |2 rubbk 
801 1 |a RU  |b 63413507  |c 20030124  |g PSBO 
801 2 |a RU  |b 63413507  |c 20130320  |g PSBO 
942 |c BK